La inmigración italiana al Brasil entre los años 1907-1909 / (Record no. 182454)

MARC details
000 -LEADER
campo de control de longitud fija 00708nam a2200169 i 4500
001 - NÚMERO DE CONTROL
campo de control 182454
003 - IDENTIFICADOR DE NÚMERO DE CONTROL
campo de control ES-MaACL
005 - FECHA Y HORA DE LA ÚLTIMA TRANSACCIÓN
campo de control 20230906221619.0
008 - DATOS DE LONGITUD FIJA--INFORMACIÓN GENERAL
campo de control de longitud fija 130816s1985 mx |||| | spa d
100 0# - ENTRADA PRINCIPAL--NOMBRE DE PERSONA
Nombre de persona Díaz Melián, Mafalda Victoria.
9 (RLIN) 44350
245 13 - MENCIÓN DEL TÍTULO
Título La inmigración italiana al Brasil entre los años 1907-1909 /
Mención de responsabilidad, etc. Mafalda Victoria Díaz Melián.
260 ## - PUBLICACIÓN, DISTRIBUCIÓN, ETC.
Lugar de publicación, distribución, etc. México :
Nombre del editor, distribuidor, etc. Instituto Panamericano de Geografía e Historia,
Fecha de publicación, distribución, etc. 1985.
300 ## - DESCRIPCIÓN FÍSICA
Extensión P [51]-61 ;
Dimensiones 26 cm.
595 ## -
-- Separata de la publicación: La Inmigración a América Latina.- México : Instituto Panamericano de Geografía e Historia, 1985.
650 04 - PUNTO DE ACCESO ADICIONAL DE MATERIA--TÉRMINO DE MATERIA
Término de materia o nombre geográfico como elemento de entrada Italianos-
Subdivisión geográfica América-
Subdivisión de forma Historia.
9 (RLIN) 13922
852 ## - LOCALIZACIÓN
Ubicación ES-MaACL
Número de control de estantería 2325-F-16
Holdings
Estatus retirado Estado de pérdida Estado de daño No para préstamo Colección Biblioteca de origen Biblioteca actual Ubicación en estantería Fecha de adquisición Fuente de adquisición Total de préstamos Signatura topográfica completa Código de barras Visto por última vez Precio de reemplazo Tipo de ítem Koha
        Colección de folletos Biblioteca del Ateneo de Madrid Biblioteca del Ateneo de Madrid Depósito folletos 16/08/2013     2325-F-16 1191734 23/02/2023 23/02/2023 Folleto